KOHA-Header-6

Mastering Microsoft Exchange 2000 Server (Record no. 6284)

000 -LEADER
fixed length control field 00276nam a2200109Ia 4500
100 ## - MAIN ENTRY--AUTHOR NAME
Personal name Barry Gerber
245 #0 - TITLE STATEMENT
Title Mastering Microsoft Exchange 2000 Server
260 ## - PUBLICATION, DISTRIBUTION, ETC. (IMPRINT)
Place of publication India
Name of publisher Microsoft Press
Year of publication 2001
300 ## - PHYSICAL DESCRIPTION
Number of Pages 948
942 ## - ADDED ENTRY ELEMENTS (KOHA)
Koha item type Books
Holdings
Withdrawn status Lost status Collection code Permanent Location Current Location Shelving location Date acquired Full call number Accession Number Koha item type
    Computer Networking MAJU MAJU   2019-09-07 005.713 2406 Computer Networking

Powered by Koha